000 00886nam a22001935i 4500
001 170567
003 ES-MaACL
005 20230906214411.0
008 090317s1930 fr |||| | fre d
080 _a821.133.1-2"19"
100 1 _aFeliu y Codina, José.
_949204
245 1 0 _aAux jardins de Murcie
_b: pièce en trois actes /
_cJosé Feliu y Codina ; adaptation française de Carlos de Batlle et Antonin Lavergne ; adaptation musicale sur des thémes espagnoles de la province de Murcie par M.-H. Jacquet.
260 _a[Paris :
_bL'Ilustration,
_c1930]
300 _a28 p. :
_bil. ;
_c30 cm.
500 _aPublicado en: La Petite Illustration : revue hebdomaire nº 502, Théatre nº 268, 8 novembre 1930.
700 0 _aBatlle, Carlos de.
_926440
700 1 _aJacquet, H.-Maurice.
_9139644
852 _aES-MaACL
_j2278-F-11
_9R.141181
_z.- Biblioteca Jacinto Martínez Lacalle
999 _c170567
_d170567